| 000 | 01197naa a22003137a 4500 | ||
|---|---|---|---|
| 001 | BR8700584 | ||
| 003 | BR-BrBNA | ||
| 005 | 20240918175745.0 | ||
| 007 | ta | ||
| 008 | 230509b bl.||||| |||| 00| 0 por d | ||
| 040 |
_aBR-BrBNA _bpor _cBiblioteca Nacional de Agricultura |
||
| 041 | _a(Pt) | ||
| 072 |
_aH10 _b2120 _b3877 _b4030 |
||
| 090 | _aH10 BR8700584 | ||
| 100 | 1 | _aD'Antonio, A.M. | |
| 100 | 1 | _aPaula, V. de | |
| 100 | 1 | _aGuerra Neto, E.G. | |
| 111 | 1 |
_a10. Congresso Brasileiro de Pesquisas Cafeeiras _cPocos de Caldas, MG (Brazil) _d29 Aug 1983 |
|
| 245 | 1 | _aEstudo da eficiencia de inseticidas fisiologicos no controle ao acaro vermelho do cafeeiro, O. ilicis (Mc. Gregor, 1919) | |
| 260 | 3 |
_aRio de Janeiro, RJ (Brasil): _c1983. |
|
| 500 | _aAnais do 10. Congresso Brasileiro de Pesquisas Cafeeiras Rio de Janeiro, RJ (Brasil): 1983. p. 367-368 (BR8700584-AM)H10 | ||
| 650 | _aINSETICIDA | ||
| 650 | _aACARO VERMELHO | ||
| 650 | _aCAFE | ||
| 650 | _aCONTROLE QUIMICO | ||
| 773 | 0 |
_tAnais do 10. Congresso Brasileiro de Pesquisas Cafeeiras _wH10 BR8700584 _gRio de Janeiro, RJ (Brasil), 1983. p. 367-368 |
|
| 909 |
_a202404 _bLucia _c55 _dLucia Elande |
||
| 942 |
_cAM _2AGRIS |
||
| 999 |
_c318026 _d318026 |
||